000 00725nam a22001937a 4500
005 20170531141212.0
020 _a9789386189837
_c570.00
035 _aB-666057
037 _adpl
_bVariety Books/Ven
082 _a657.45
100 _aGarg,Pankaj
245 _aTaxmann's auditing & assurance /
_cby Pankaj Garg
250 _a6th ed
260 _aNew Delhi
_bTaxmann Publications
_c2017
270 _a59/32, New Rohtak Road
_bNew Delhi
_e110005
300 _aI-12,476p.
_c27cm(pbk)
942 _2ddc
_cEN
_mGAR
_h657.45
999 _c140612
_d140612